| 000 | 00528nam a2200181 a 4500 | ||
|---|---|---|---|
| 005 | 20210219150945.0 | ||
| 008 | 991125s1973 bue 000 0 spa u | ||
| 035 | _aUPN01000024602 | ||
| 049 | _aCG | ||
| 050 | 4 |
_aDG277 _bA3.4 |
|
| 100 | 1 | _aAlonso, Rosa | |
| 245 | 1 | 3 |
_aEl fin del imperio romano / _cRosa Alfonso. |
| 260 |
_aBuenos Aires : _bKapelusz, _c1973. |
||
| 300 | _a61 p. | ||
| 440 | 0 |
_aCuadernos de estudio. Serie historia universal ; _v11 |
|
| 651 | 4 |
_aROMA - _xHISTORIA - _yIMPERIO, 30 A.C. - _76 D.C. |
|
| 905 | _aLibro | ||
| 999 |
_c24602 _d24602 |
||